| 000 | 01095nam a2200193 4500 | ||
|---|---|---|---|
| 005 | 20250515163054.0 | ||
| 008 | 170804b xxu||||| |||| 00| 0 eng d | ||
| 020 | _a0-534-13092-5 (acid-free recycled paper) | ||
| 082 | _aDC 372.60973 T21 1994 | ||
| 100 |
_921632 _aTchudi, Susan J. (Susan Jane), 1945- |
||
| 245 |
_aIntegrated language arts in the elementary school / _cSusan Tchudi. |
||
| 260 |
_aBelmont, California : _bWadsworth Pub. Co., _cc1994. |
||
| 300 |
_axiv, 370 pages : _billustration ; _c25 cm. |
||
| 500 | _aIncludes bibliographical references (p. 338-363) and index. | ||
| 505 | _aChildren at work: the nature of language and learning -- Language out loud: listening and speaking -- Language in print: reading -- Putting language on paper -- Bridges: language across the curriculum -- Literature: language and the imagination -- On being a professional -- Orchestrating an integrated language arts classroom. | ||
| 650 | 0 |
_921633 _aLanguage arts (Elementary) -- United States. |
|
| 650 | 0 |
_921634 _aInterdisciplinary approach in education -- United States. |
|
| 942 |
_2ddc _cDC |
||
| 999 |
_c7160 _d7160 |
||